| 000 | 00982nam0a22002651 4500 | ||
|---|---|---|---|
| 001 | rc\3219014 | ||
| 005 | 20130115140726.0 | ||
| 021 |
_aRU _b[72-66366] |
||
| 035 | _a(NLR Aleph) 007466524 | ||
| 090 |
_a7371388 _c7371388 |
||
| 100 | _a20130115d1972 |||y0rusy50 ca | ||
| 101 | 0 | _arus | |
| 102 | _aRU | ||
| 105 | _ay z ||||| | ||
| 200 | 1 |
_aВысшая школа в Казахстане _eИст. опыт Ком. партии Казахстана по руководству высш. школой за 50 лет (1920-1970 гг.) |
|
| 210 |
_aАлма-Ата _cКазахстан _d1972 |
||
| 215 |
_a184 с. _d20 |
||
| 601 | 0 | 2 |
_aКП Казахстана _xИстория _2psbo |
| 606 |
_aВысшее образование в Казахской АССР _xИстория _2psbo |
||
| 700 | 1 |
_aЖаманбаев _bК. Ж. _gКадыр Жаманбаевич |
|
| 801 | 0 |
_aRU _bNLR _gpsbo |
|
| 801 | 1 |
_aRU _bELAR _2rusmarc |
|
| 852 |
_aNLR _j72-3/7929 |
||
| 942 | _cBOOK | ||
| 980 | _aNB | ||